|
|
|
|
| LEADER |
00000 a2200000 4500 |
| 003 |
CL-VaPUC |
| 005 |
20211122155214.0 |
| 008 |
211029b2021 ||||| |||| 00| 0 eng d |
| 999 |
|
|
|c 433780
|d 433778
|
| 020 |
|
|
|a 978-88-581-4346-9
|
| 040 |
|
|
|c Pontificia Universidad Católica de Valparaíso
|
| 082 |
|
|
|a 355.02 BET 2021
|2 22
|
| 100 |
|
|
|a Bettalli, Marco
|9 863793
|
| 245 |
|
|
|a Un mondo di ferro
|
| 250 |
|
|
|a 1a edizione
|
| 260 |
|
|
|b Laterza
|c 2021
|
| 583 |
|
|
|k Cristina María Rojas Aguilar
|c 20211029
|
| 650 |
|
0 |
|a Historia militar
|9 268297
|x Mundo antiguo
|
| 650 |
|
0 |
|a Guerra y sociedad
|z Roma (Imperio)
|z Grecia
|9 863975
|
| 942 |
|
|
|2 ddc
|c BK
|
| 952 |
|
|
|0 0
|1 0
|2 ddc
|4 0
|6 355_020000000000000_BET_2021
|7 0
|8 A
|9 579058
|a BIBHIS
|b BIBHIS
|d 2021-10-26
|e 152
|g 0.00
|i 5589746
|l 1
|m 33
|o 355.02 BET 2021
|p 5589746
|r 2025-01-20
|s 2022-02-22
|t 1
|v 0.00
|w 2021-10-26
|y BK
|k HIS
|